Discovery Atlas of the world / (Record no. 5809)

MARC details
000 -LEADER
fixed length control field 00841nam a22002297a 4500
001 - CONTROL NUMBER
control field 5809
003 - CONTROL NUMBER IDENTIFIER
control field FISKH
005 - DATE AND TIME OF LATEST TRANSACTION
control field 20250123095241.0
008 - FIXED-LENGTH DATA ELEMENTS--GENERAL INFORMATION
fixed length control field 250123b cb ||||| |||| 00| 0 eng d
020 ## - INTERNATIONAL STANDARD BOOK NUMBER
International Standard Book Number 0528835777
040 ## - CATALOGING SOURCE
Original cataloging agency FISKH
Language of cataloging eng
Transcribing agency FISKH
Modifying agency FISKH
050 ## - LIBRARY OF CONGRESS CALL NUMBER
Classification number G1021.R165
082 ## - DEWEY DECIMAL CLASSIFICATION NUMBER
Classification number 912
100 ## - MAIN ENTRY--PERSONAL NAME
Personal name Adelman, Elizabeth Fagan
245 ## - TITLE STATEMENT
Title Discovery Atlas of the world /
Statement of responsibility, etc. by Elizabeth Fagan Adelman
260 ## - PUBLICATION, DISTRIBUTION, ETC.
Place of publication, distribution, etc. Chicago :
Name of publisher, distributor, etc. Rand McNally ,
Date of publication, distribution, etc. 1993.
300 ## - PHYSICAL DESCRIPTION
Extent 61 pages :
Other physical details color illustrations , maps ;
Dimensions 28 cm .
520 ## - SUMMARY, ETC.
Summary, etc. Features twenty-five pictorial maps showing terrain, animals, people, cities, and countries for each continent. Also includes illustrations of the characteristics of the regions.
650 ## - SUBJECT ADDED ENTRY--TOPICAL TERM
Topical term or geographic name entry element reference-atlases
Form subdivision non-fiction
700 ## - ADDED ENTRY--PERSONAL NAME
Personal name Leverenz, Jon M.
Relator term Excecutive editor
942 ## - ADDED ENTRY ELEMENTS (KOHA)
Source of classification or shelving scheme Dewey Decimal Classification
Koha item type Books
Suppress in OPAC No
Holdings
Withdrawn status Lost status Source of classification or shelving scheme Damaged status Not for loan Collection Home library Current library Shelving location Date acquired Total Checkouts Full call number Barcode Date last seen Price effective from Koha item type
    Dewey Decimal Classification     Non-Fiction Footprints International School Library Network Toul Kork Campus Footprints International School Library Network Toul Kork Campus TTP Secondary Non-Fiction Bookshelves 01/23/2025   ADE 912 G1021.R165 FIS01180 01/23/2025 01/23/2025 Books